000 00329nam a22001217a 4500
008 180104b xxu||||| |||| 00| 0 eng d
041 _aeng
080 _a91
100 _a15
101 _aHIS
245 _aTHE NEW SERVANTS OF POWER A CRITIQUE OF THE 1980 SCHOOL REFORM MOVENMENT
_cSHEA.CH.M
942 _2udc
_cBK
999 _c39690
_d39690